Catálogo
 En Linea

Memoria 2003 : Cooperativa de ahorro y créditos maimón, inc. (Registro nro. 38494)

Detalles MARC
000 -CABECERA
campo de control de longitud fija 00279nam a2200097 a 4500
005 - FECHA Y HORA DE LA ÚLTIMA TRANSACCIÓN
campo de control 20201002031445.0
008 - DATOS DE LONGITUD FIJA--INFORMACIÓN GENERAL
campo de control de longitud fija 130513s2004 000 spa d
040 ## - FUENTE DE LA CATALOGACIÓN
Centro catalogador/agencia de origen DO-SdBNP
245 #0 - MENCIÓN DE TÍTULO
Título Memoria 2003 : Cooperativa de ahorro y créditos maimón, inc.
260 ## - PUBLICACIÓN, DISTRIBUCIÓN, ETC.
Lugar de publicación, distribución, etc. Maimón, Bonao,
Fecha de publicación, distribución, etc. s.f.

No hay ítems disponibles.

Con tecnología Koha